000 00299nam a2200109Ia 4500
008 220204s9999 xx 000 0 und d
082 _a631.4(038)
_bSOI
245 0 _aGlossary of soil science terms
260 _aUSA
_bSoil science soc of America
_c1973
650 _aSoil science glossary
942 _cBK
999 _c22520
_d22520